Mary for all Christians / (Record no. 19299)
[ view plain ]
| 000 -LEADER | |
|---|---|
| fixed length control field | 00816nam a2200205 4500 |
| 008 - FIXED-LENGTH DATA ELEMENTS--GENERAL INFORMATION | |
| fixed length control field | 040224s1991 miu b 000 0 eng |
| 020 ## - INTERNATIONAL STANDARD BOOK NUMBER | |
| International Standard Book Number | 0802805434 :USD12.95 |
| 090 ## - LOCALLY ASSIGNED LC-TYPE CALL NUMBER (OCLC); LOCAL CALL NUMBER (OCLC) | |
| Classification number (OCLC) (R) ; Classification number, CALL (RLIN) (NR) | BT613 |
| Local cutter number (OCLC) ; Book number/undivided call number, CALL (RLIN) | M24m |
| 100 1# - MAIN ENTRY--PERSONAL NAME | |
| Personal name | Macquarrie, John. |
| 245 10 - TITLE STATEMENT | |
| Title | Mary for all Christians / |
| Statement of responsibility, etc | John Macquarrie. |
| 260 ## - PUBLICATION, DISTRIBUTION, ETC. (IMPRINT) | |
| Place of publication, distribution, etc | Grand Rapids, Mich. : |
| Name of publisher, distributor, etc | W.B. Eerdmans, |
| Date of publication, distribution, etc | 1990. |
| 300 ## - PHYSICAL DESCRIPTION | |
| Extent | xiii, 160 p. ; |
| Dimensions | 22 cm. |
| 500 ## - GENERAL NOTE | |
| General note | Originally published in Great Britain: London : Collins Publishing Group, 1990. |
| 504 ## - BIBLIOGRAPHY, ETC. NOTE | |
| Bibliography, etc | Includes bibliographical references. |
| 600 14 - SUBJECT ADDED ENTRY--PERSONAL NAME | |
| Personal name | Mary, |
| Titles and other words associated with a name | Blessed Virgin, Saint |
| General subdivision | Prayer-books and devotions |
| -- | English. |
| 600 14 - SUBJECT ADDED ENTRY--PERSONAL NAME | |
| Personal name | Mary, |
| Titles and other words associated with a name | Blessed Virgin, Saint |
| General subdivision | Theology. |
| 650 #4 - SUBJECT ADDED ENTRY--TOPICAL TERM | |
| Topical term or geographic name as entry element | Mary, Blessed Virgin, Saint, and Christian union. |
| 951 ## - EQUIVALENCE OR CROSS-REFERENCE-GEOGRAPHIC NAME/AREA NAME [OBSOLETE] [CAN/MARC only] | |
| General subdivision | 00005003 |
| 951 ## - EQUIVALENCE OR CROSS-REFERENCE-GEOGRAPHIC NAME/AREA NAME [OBSOLETE] [CAN/MARC only] | |
| -- | 16876 |
| -- | BT613/M24m |
| -- | 070613111343406 |
| -- | 2000-12-21 |
| -- | GC |
| 942 00 - ADDED ENTRY ELEMENTS (KOHA) | |
| Koha issues (borrowed), all copies | 1 |
| Withdrawn status | Lost status | Damaged status | Not for loan | Home library | Current library | Shelving location | Date acquired | Accession number | Shelving control number | Total Checkouts | Full call number | Barcode | Date last seen | Date last borrowed | Price effective from | Koha item type |
|---|---|---|---|---|---|---|---|---|---|---|---|---|---|---|---|---|
| BSOP Library | BSOP Library | GC | 12/21/2000 | 16876 | 127 | 1 | BT613/M24m | 00005003 | 02/16/2019 | 02/11/2019 | 02/23/2013 | Books |
